Memorias de esperanza (Record no. 71151)
[ view plain ]
| 000 -LEADER | |
|---|---|
| campo de control de longitud fija | 00596nam a2200181 i 4500 |
| 001 - NÚMERO DE CONTROL | |
| campo de control | 71151 |
| 003 - IDENTIFICADOR DE NÚMERO DE CONTROL | |
| campo de control | ES-MaACL |
| 005 - FECHA Y HORA DE LA ÚLTIMA TRANSACCIÓN | |
| campo de control | 20250918063028.0 |
| 007 - CAMPO FIJO DE DESCRIPCIÓN FÍSICA--INFORMACIÓN GENERAL | |
| campo de control de longitud fija | t| |
| 008 - DATOS DE LONGITUD FIJA--INFORMACIÓN GENERAL | |
| campo de control de longitud fija | 040805m19701971sp ||||1| spa d |
| 100 1# - ENTRADA PRINCIPAL--NOMBRE DE PERSONA | |
| Nombre de persona | Gaulle, Charles de, |
| Fechas asociadas al nombre | 1890-1970 |
| 9 (RLIN) | 56005 |
| 245 10 - MENCIÓN DEL TÍTULO | |
| Título | Memorias de esperanza |
| Resto del título | : la renovación, 1958-1962 / |
| Mención de responsabilidad, etc. | Charles de Gaulle ; traducción de Florentino Trapero. |
| 260 ## - PUBLICACIÓN, DISTRIBUCIÓN, ETC. | |
| Lugar de publicación, distribución, etc. | [Madrid] : |
| Nombre del editor, distribuidor, etc. | Taurus, |
| Fecha de publicación, distribución, etc. | [1970-1971] |
| 300 ## - DESCRIPCIÓN FÍSICA | |
| Extensión | 2 v., 8 lám. ; |
| Dimensiones | 22 cm. |
| 700 1# - ENTRADA AGREGADA--NOMBRE PERSONAL | |
| Nombre de persona | Trapero, Florentino. |
| 9 (RLIN) | 176602 |
| 852 ## - LOCALIZACIÓN | |
| Ubicación | ES-MaACL |
| Número de control de estantería | C-38822-23 |
| Sublocalización o colección | R.75740 |
| Estatus retirado | Estado de pérdida | Estado de daño | No para préstamo | Biblioteca de origen | Biblioteca actual | Ubicación en estantería | Fecha de adquisición | Fuente de adquisición | Total de préstamos | Signatura topográfica completa | Código de barras | Visto por última vez | Precio de reemplazo | Tipo de ítem Koha |
|---|---|---|---|---|---|---|---|---|---|---|---|---|---|---|
| Biblioteca del Ateneo de Madrid | Biblioteca del Ateneo de Madrid | Depósito 2 | 17/01/2008 | C-38822-23 | 1074501 | 23/02/2023 | 23/02/2023 | Libro impreso |
